书目信息 |
| 题名: |
信息系统分析与设计
|
|
| 作者: | 孙秀杰 主编 | |
| 分册: | ||
| 出版信息: | 东软电子出版社 2013.08 |
|
| 页数: | 191页 | |
| 开本: | 16开 | |
| 丛书名: | ||
| 单 册: | ||
| 中图分类: | G202 | |
| 科图分类: | ||
| 主题词: | 信息论 , 传播学 | |
| 电子资源: | ||
| ISBN: | 7-89436-232-8 | |
| 000 | 00560nam0 2200193 45 | |
| 001 | 1633303509 | |
| 005 | 20160913091605.70 | |
| 010 | @a7-89436-232-8@dCNY36.00 | |
| 100 | @a20000525d2013 km y0chiy0120 ea | |
| 101 | @achi | |
| 200 | 1 | @a信息系统分析与设计@AXin Xi Xi Tong Fen Xi Yu She Ji@f孙秀杰等主编@Fsun xiu jie deng zhu bian |
| 210 | @c东软电子出版社@d2013.08 | |
| 215 | @a191页@d16开 | |
| 606 | 0 | @a信息论 |
| 606 | 0 | @a传播学 |
| 690 | @aG202@v3 | |
| 701 | 0 | @a孙秀杰@Asun xiu jie@4主编 |
| 801 | @aCN@bPftUser@c20000525 | |
| 905 | @f2@b56831-832@dG202@eS962 | |
| 信息系统分析与设计/孙秀杰等主编.-东软电子出版社,2013.08 |
| 191页;16开 |
| ISBN 7-89436-232-8:CNY36.00 |
| ● |
| 相关链接 |
|
|
|
正题名:信息系统分析与设计
索取号:G202/S962
 
预约/预借
| 序号 | 登录号 | 条形码 | 馆藏地/架位号 | 状态 | 备注 |
| 1 | 1238357 | 212383570 | 社科库409/409社科库 56排7列2层/ [索取号:G202/S962] | 在馆 |